LEADER 01068cam0-22003491i-450- 001 990004287960403321 005 20150914162208.0 035 $a000428796 035 $aFED01000428796 035 $a(Aleph)000428796FED01 035 $a000428796 100 $a19990604d1955----km-y0itay50------ba 101 0 $aita 102 $aIT 105 $ay-------001yy 200 1 $aAntonio Rosmini$fdiscorso commemorativo del socio Antonio Aliotta nel centenario della morte 210 $aRoma$cAccademia Nazionale dei Licei$d1955 215 $a10 p.$d23 cm 225 1 $aAccademia nazionale dei Lincei$v352 225 1 $aProblemi attuali di scienza e di cultura 610 0 $aRosmini, Antonio <1797-1855>$aCelebrazioni 676 $a921 700 1$aAliotta,$bAntonio$f<1881-1964> 801 0$aIT$bUNINA$gRICA$2UNIMARC 901 $aBK 912 $a990004287960403321 952 $aP.1 P 232$bST.FIL.1403$fFLFBC 952 $aP.1 P 232 BIS$bST.FIL.1403 BIS$fFLFBC 952 $aBIB.SOL.BUS. A 211$b64375$fFGBC 959 $aFLFBC 959 $aFGBC 997 $aUNINA LEADER 01015nam--2200361---450- 001 990001464090203316 005 20090504165727.0 035 $a000146409 035 $aUSA01000146409 035 $a(ALEPH)000146409USA01 035 $a000146409 100 $a20040301d1966----km-y0itay0103----ba 101 0 $aeng 102 $aGB 105 $a||||||||001yy 200 1 $aChanging aims in religious education$fEdwin Cox 210 $aLondon$cRoutledge and Kegan Paul$d1966 215 $aVI, 104 p.$d19 cm 410 0$12001 454 1$12001 461 1$1001-------$12001 676 $a377 700 1$aCOX,$bEdwin$0559269 801 0$aIT$bsalbc$gISBD 912 $a990001464090203316 951 $a377 COX 1 (IX D 195)$b43822 L.M.$cIX D$d00208105 959 $aBK 969 $aECO 979 $aSIAV5$b10$c20040301$lUSA01$h1204 979 $aPATRY$b90$c20040406$lUSA01$h1742 979 $aRSIAV3$b90$c20090504$lUSA01$h1657 996 $aChanging aims in religious education$9936706 997 $aUNISA LEADER 02099nas 2200589- 450 001 996336819603316 005 20231213213019.0 011 $a1743-761X 035 $a(DE-599)ZDB2388871-4 035 $a(CKB)1000000000257072 035 $a(CONSER)--2016207193 035 $a(EXLCZ)991000000000257072 100 $a20070105a20069999 --- a 101 0 $aeng 181 $ctxt$2rdacontent 182 $cc$2rdamedia 183 $acr$2rdacarrier 200 00$aInternational journal of sustainable development and planning 210 1$aSouthampton, UK :$cWIT Press 210 31$aEdmonton, AB, Canada :$cIIETA 215 $a1 online resource 300 $aRefereed/Peer-reviewed 311 08$aPrint version: International journal of sustainable development and planning. 1743-7601 (DLC) 2016207193 (OCoLC)77536638 517 3 $aSustainable development and planning 517 0 $aIJSDP 517 1 $aSustainable development and planning journal 531 $aINTERNATIONAL JOURNAL OF SUSTAINABLE DEVELOPMENT & PLANNING 606 $aSustainable development$vPeriodicals 606 $aEcology$vPeriodicals 606 $aEconomic development$xEnvironmental aspects$vPeriodicals 606 $aSustainable development$xPeriodicals 606 $aEcology$2fast 606 $aEconomic development$xEnvironmental aspects$2fast 606 $aSustainable development$2fast 608 $aPeriodicals$2fast 615 0$aSustainable development 615 0$aEcology 615 0$aEconomic development$xEnvironmental aspects 615 5$aSustainable development$xPeriodicals. 615 7$aEcology 615 7$aEconomic development$xEnvironmental aspects 615 7$aSustainable development 676 $a338.9 676 $a304.2/05 686 $acollissn$2lacc 686 $acci1icc$2lacc 712 02$aInternational Information & Engineering Technology Association. 906 $aJOURNAL 912 $a996336819603316 920 $aexl_impl conversion 996 $aInternational journal of sustainable development and planning$92231618 997 $aUNISA